[Event "2015 US Junior Closed Championship"]
[Site "Chess Club and Scholastic Center of Saint Louis"]
[Date "2015.07.12"]
[Round "6.5"]
[White "Shen, Arthur"]
[Black "Brattain, Mika"]
[Result "1-0"]
[LiveChessVersion "1.4.6"]
[BlackElo "2457"]
[WhiteElo "2477"]

1. e4 {[%clk 1:30:57]} c6 {[%clk 1:30:49]} 2. d4 {[%clk 1:31:21]} d5
{[%clk 1:31:14]} 3. f3 {[%clk 1:31:47]} dxe4 {[%clk 1:30:55]} 4. fxe4
{[%clk 1:32:11]} e5 {[%clk 1:31:19]} 5. Nf3 {[%clk 1:32:35]} Bg4 {[%clk 1:31:28]}
6. c3 {[%clk 1:32:51]} Nd7 {[%clk 1:28:55]} 7. Bd3 {[%clk 1:32:38]} Ngf6
{[%clk 1:23:27]} 8. O-O {[%clk 1:32:20]} Bd6 {[%clk 1:22:53]} 9. Nbd2
{[%clk 1:31:40]} O-O {[%clk 1:15:54]} 10. h3 {[%clk 1:31:55]} Bxf3
{[%clk 1:11:59]} 11. Nxf3 {[%clk 1:31:19]} c5 {[%clk 1:10:46]} 12. d5
{[%clk 1:20:52]} c4 {[%clk 1:09:50]} 13. Bc2 {[%clk 1:20:37]} Ne8
{[%clk 1:03:50]} 14. Kh1 {[%clk 1:17:16]} Be7 {[%clk 1:02:41]} 15. Qe2
{[%clk 1:14:19]} Nd6 {[%clk 1:01:59]} 16. b3 {[%clk 1:09:20]} Rc8
{[%clk 0:54:15]} 17. Bb2 {[%clk 0:53:27]} b5 {[%clk 0:50:59]} 18. Nd2
{[%clk 0:51:43]} Nb6 {[%clk 0:46:29]} 19. a4 {[%clk 0:43:43]} cxb3
{[%clk 0:39:22]} 20. Bxb3 {[%clk 0:44:06]} a6 {[%clk 0:38:17]} 21. axb5
{[%clk 0:35:24]} axb5 {[%clk 0:38:38]} 22. Ba3 {[%clk 0:35:30]} Qd7
{[%clk 0:27:02]} 23. Bb4 {[%clk 0:33:13]} Ndc4 {[%clk 0:20:36]} 24. Bxc4
{[%clk 0:32:53]} bxc4 {[%clk 0:20:38]} 25. Rfb1 {[%clk 0:32:50]} Bxb4
{[%clk 0:16:42]} 26. Rxb4 {[%clk 0:33:12]} Qd8 {[%clk 0:11:56]} 27. Nxc4
{[%clk 0:31:44]} Nxc4 {[%clk 0:12:03]} 28. Rxc4 {[%clk 0:32:06]} f5
{[%clk 0:12:25]} 29. Rxc8 {[%clk 0:22:11]} Qxc8 {[%clk 0:12:54]} 30. c4
{[%clk 0:21:25]} f4 {[%clk 0:12:04]} 31. Qg4 {[%clk 0:21:03]} Qc5
{[%clk 0:10:12]} 32. Qe6+ {[%clk 0:18:12]} Kh8 {[%clk 0:10:34]} 33. d6
{[%clk 0:15:10]} f3 {[%clk 0:09:41]} 34. gxf3 {[%clk 0:15:28]} Qd4
{[%clk 0:06:51]} 35. Rg1 {[%clk 0:12:50]} Qc3 {[%clk 0:05:58]} 36. Qg4
{[%clk 0:07:43]} g6 {[%clk 0:06:24]} 37. d7 {[%clk 0:07:39]} Qd3 {[%clk 0:04:35]}
38. c5 {[%clk 0:06:34]} Rf4 {[%clk 0:03:18]} 39. Qg5 {[%clk 0:05:45]} Qxd7
{[%clk 0:02:48]} 40. Qxe5+ {[%clk 0:36:10]} Kg8 {[%clk 0:33:10]} 41. Qd5+
{[%clk 0:36:06]} Qxd5 {[%clk 0:26:35]} 42. exd5 {[%clk 0:36:31]} Rc4
{[%clk 0:22:19]} 43. c6 {[%clk 0:36:45]} Kf8 {[%clk 0:21:21]} 44. Rd1
{[%clk 0:36:05]} Ke8 {[%clk 0:21:43]} 45. Kg2 {[%clk 0:36:27]} Kd8
{[%clk 0:20:12]} 46. Kf2 {[%clk 0:36:49]} 1-0

[Event "2015 US Junior Closed Championship"]
[Site "Chess Club and Scholastic Center of Saint Louis"]
[Date "2015.07.13"]
[Round "7.1"]
[White "Xiong, Jeffery"]
[Black "Chandra, Akshat"]
[Result "1/2-1/2"]
[LiveChessVersion "1.4.6"]
[BlackElo "2589"]
[WhiteElo "2606"]

1. e4 {[%clk 1:30:57]} c5 {[%clk 1:30:55]} 2. Nf3 {[%clk 1:31:08]} e6
{[%clk 1:31:07]} 3. d4 {[%clk 1:31:28]} cxd4 {[%clk 1:31:46]} 4. Nxd4
{[%clk 1:31:33]} Nc6 {[%clk 1:32:05]} 5. Nc3 {[%clk 1:31:32]} Qc7
{[%clk 1:32:27]} 6. Be3 {[%clk 1:31:43]} a6 {[%clk 1:32:52]} 7. Be2
{[%clk 1:31:28]} b5 {[%clk 1:32:59]} 8. Nxc6 {[%clk 1:31:06]} Qxc6
{[%clk 1:33:17]} 9. Bf3 {[%clk 1:30:29]} Bb7 {[%clk 1:33:01]} 10. e5
{[%clk 1:30:15]} Qc7 {[%clk 1:33:15]} 11. O-O {[%clk 1:29:46]} Bxf3
{[%clk 1:21:51]} 12. Qxf3 {[%clk 1:29:58]} Rc8 {[%clk 1:22:18]} 13. Rad1
{[%clk 1:17:56]} Ne7 {[%clk 1:19:51]} 14. Rfe1 {[%clk 1:17:46]} Ng6
{[%clk 1:11:08]} 15. Bd4 {[%clk 1:17:46]} Be7 {[%clk 1:10:44]} 16. Ne4
{[%clk 1:15:58]} O-O {[%clk 1:07:58]} 17. c3 {[%clk 1:15:35]} Nh4
{[%clk 0:53:00]} 18. Qg4 {[%clk 0:58:55]} Nf5 {[%clk 0:52:39]} 19. Nf6+
{[%clk 0:58:59]} Kh8 {[%clk 0:43:05]} 20. Nd5 {[%clk 0:57:48]} Qb7
{[%clk 0:36:23]} 21. Nxe7 {[%clk 0:58:02]} Nxe7 {[%clk 0:36:51]} 22. Re3
{[%clk 0:44:37]} b4 {[%clk 0:32:30]} 23. cxb4 {[%clk 0:42:10]} Qxb4
{[%clk 0:31:42]} 24. Qe2 {[%clk 0:40:21]} Nd5 {[%clk 0:24:10]} 25. Rb3
{[%clk 0:39:39]} Qa4 {[%clk 0:15:21]} 26. Ra3 {[%clk 0:38:49]} Qb5
{[%clk 0:15:35]} 27. Qxb5 {[%clk 0:37:51]} axb5 {[%clk 0:16:04]} 28. Ra7
{[%clk 0:37:59]} Rfd8 {[%clk 0:13:46]} 29. a3 {[%clk 0:32:59]} Kg8
{[%clk 0:09:44]} 30. g3 {[%clk 0:31:26]} f6 {[%clk 0:06:31]} 31. Rd3
{[%clk 0:29:23]} Ra8 {[%clk 0:03:56]} 32. Rb7 {[%clk 0:29:07]} Rab8
{[%clk 0:04:11]} 33. Rxb8 {[%clk 0:28:41]} Rxb8 {[%clk 0:04:39]} 34. Rb3
{[%clk 0:29:05]} Kf7 {[%clk 0:04:03]} 35. f4 {[%clk 0:27:48]} Ke8
{[%clk 0:00:41]} 36. Bc5 {[%clk 0:26:44]} Kd8 {[%clk 0:00:47]} 37. Kf2
{[%clk 0:16:10]} Kc8 {[%clk 0:00:42]} 38. Kf3 {[%clk 0:15:48]} Rb7
{[%clk 0:00:40]} 39. Kg4 {[%clk 0:41:14]} Kc7 {[%clk 0:30:35]} 40. Bf8
{[%clk 1:10:56]} g6 {[%clk 0:30:43]} 41. exf6 {[%clk 0:39:40]} Nxf6+
{[%clk 0:29:38]} 42. Kg5 {[%clk 0:39:51]} Nd5 {[%clk 0:22:45]} 43. Kh6
{[%clk 0:39:41]} Kd8 {[%clk 0:21:35]} 44. Kxh7 {[%clk 0:33:31]} Ke8
{[%clk 0:21:59]} 45. Bd6 {[%clk 0:33:53]} Kf7 {[%clk 0:22:21]} 46. Kh6
{[%clk 0:34:00]} Rb6 {[%clk 0:17:47]} 47. Be5 {[%clk 0:34:02]} d6
{[%clk 0:17:24]} 48. Bd4 {[%clk 0:34:16]} Rb8 {[%clk 0:17:45]} 49. Kg5
{[%clk 0:34:11]} Ne7 {[%clk 0:16:13]} 50. g4 {[%clk 0:32:32]} Nc6
{[%clk 0:15:17]} 51. Bf6 {[%clk 0:32:47]} b4 {[%clk 0:14:47]} 52. Rd3
{[%clk 0:17:50]} bxa3 {[%clk 0:14:43]} 53. bxa3 {[%clk 0:18:00]} Rb5+
{[%clk 0:14:28]} 54. f5 {[%clk 0:18:25]} gxf5 {[%clk 0:14:40]} 55. Rxd6
{[%clk 0:18:43]} fxg4+ {[%clk 0:14:26]} 56. Kxg4 {[%clk 0:19:01]} Kxf6
{[%clk 0:14:22]} 57. Rxc6 {[%clk 0:19:28]} Ra5 {[%clk 0:13:51]} 58. Rc3
{[%clk 0:19:34]} Ra4+ {[%clk 0:13:55]} 59. Kg3 {[%clk 0:19:38]} Kf5
{[%clk 0:12:22]} 60. Rb3 {[%clk 0:19:39]} e5 {[%clk 0:12:01]} 61. Rf3+
{[%clk 0:16:58]} Kg5 {[%clk 0:12:04]} 62. Re3 {[%clk 0:16:59]} Kf5
{[%clk 0:11:56]} 63. Rb3 {[%clk 0:16:59]} Kg5 {[%clk 0:10:53]} 64. Rf3
{[%clk 0:17:15]} Rg4+ {[%clk 0:08:40]} 65. Kf2 {[%clk 0:17:29]} Ra4
{[%clk 0:09:09]} 66. Rb3 {[%clk 0:16:52]} Kf5 {[%clk 0:05:51]} 67. Ke1
{[%clk 0:16:42]} e4 {[%clk 0:05:12]} 68. Ke2 {[%clk 0:16:24]} Kf4
{[%clk 0:05:26]} 69. Rc3 {[%clk 0:16:44]} Ra8 {[%clk 0:05:01]} 70. h4
{[%clk 0:16:12]} Rb8 {[%clk 0:04:39]} 71. h5 {[%clk 0:15:41]} Rb2+
{[%clk 0:05:02]} 72. Kd1 {[%clk 0:14:38]} Rh2 {[%clk 0:05:05]} 73. a4
{[%clk 0:14:23]} Rxh5 {[%clk 0:05:20]} 74. Ke2 {[%clk 0:14:11]} Rh2+
{[%clk 0:05:11]} 75. Ke1 {[%clk 0:14:32]} Ra2 {[%clk 0:05:37]} 76. Rb3
{[%clk 0:14:50]} Rxa4 {[%clk 0:05:52]} 77. Ke2 {[%clk 0:15:08]} Ra2+
{[%clk 0:06:10]} 78. Ke1 {[%clk 0:15:33]} e3 {[%clk 0:05:17]} 79. Rb8
{[%clk 0:15:58]} Kf3 {[%clk 0:05:19]} 80. Rf8+ {[%clk 0:16:23]} Ke4
{[%clk 0:05:46]} 1/2-1/2

[Event "2015 US Junior Closed Championship"]
[Site "Chess Club and Scholastic Center of Saint Louis"]
[Date "2015.07.13"]
[Round "7.2"]
[White "Bodek, Michael"]
[Black "Shen, Arthur"]
[Result "0-1"]
[LiveChessVersion "1.4.6"]
[BlackElo "2477"]
[WhiteElo "2527"]

1. c4 {[%clk 1:30:58]} g6 {[%clk 1:29:27]} 2. Nc3 {[%clk 1:31:16]} c5
{[%clk 1:29:43]} 3. g3 {[%clk 1:31:14]} Bg7 {[%clk 1:29:09]} 4. Bg2
{[%clk 1:31:32]} Nc6 {[%clk 1:28:21]} 5. Nf3 {[%clk 1:31:07]} Nh6
{[%clk 1:24:57]} 6. h4 {[%clk 1:24:47]} Nf5 {[%clk 1:19:59]} 7. h5
{[%clk 1:23:19]} O-O {[%clk 1:14:39]} 8. d3 {[%clk 1:18:06]} e6 {[%clk 1:09:36]}
9. Bg5 {[%clk 1:09:51]} Qb6 {[%clk 0:52:46]} 10. Qc1 {[%clk 0:59:38]} h6
{[%clk 0:50:48]} 11. Bd2 {[%clk 0:59:06]} g5 {[%clk 0:47:17]} 12. Na4
{[%clk 0:53:42]} Qc7 {[%clk 0:47:16]} 13. Nxc5 {[%clk 0:53:10]} d5
{[%clk 0:42:43]} 14. Bc3 {[%clk 0:44:01]} d4 {[%clk 0:41:12]} 15. Bd2
{[%clk 0:43:16]} b6 {[%clk 0:36:17]} 16. Ne4 {[%clk 0:39:17]} f6 {[%clk 0:31:41]}
17. b4 {[%clk 0:30:45]} Rb8 {[%clk 0:29:19]} 18. b5 {[%clk 0:28:10]} Ne5
{[%clk 0:27:06]} 19. Nxe5 {[%clk 0:26:11]} Qxe5 {[%clk 0:27:31]} 20. a4
{[%clk 0:20:57]} Bb7 {[%clk 0:27:40]} 21. O-O {[%clk 0:20:05]} Bxe4
{[%clk 0:16:31]} 22. dxe4 {[%clk 0:17:36]} Nd6 {[%clk 0:15:43]} 23. Bb4
{[%clk 0:17:08]} Rfd8 {[%clk 0:15:48]} 24. c5 {[%clk 0:16:34]} Nxe4
{[%clk 0:15:43]} 25. c6 {[%clk 0:16:36]} Nc3 {[%clk 0:13:58]} 26. Bxc3
{[%clk 0:12:48]} dxc3 {[%clk 0:14:27]} 27. a5 {[%clk 0:11:47]} bxa5
{[%clk 0:11:43]} 28. Rxa5 {[%clk 0:12:04]} f5 {[%clk 0:11:08]} 29. Rxa7 Qc5
{[%clk 0:10:50]} 30. Qa1 {[%clk 0:06:30]} Rxb5 {[%clk 0:10:27]} 31. Kh2
{[%clk 0:03:39]} Be5 {[%clk 0:09:21]} 32. Qa2 {[%clk 0:03:12]} Re8
{[%clk 0:08:50]} 33. Ra8 {[%clk 0:02:17]} Bb8 {[%clk 0:04:39]} 34. Rc1
{[%clk 0:00:39]} Rb2 {[%clk 0:03:09]} 35. Qa4 {[%clk 0:00:38]} Rf8
{[%clk 0:02:39]} 36. Rc2 {[%clk 0:00:33]} Qxf2 {[%clk 0:02:44]} 37. c7
{[%clk 0:00:51]} Bxc7 {[%clk 0:02:39]} 38. Rxf8+ {[%clk 0:01:19]} Kxf8
{[%clk 0:03:04]} 39. Rxc3 {[%clk 0:01:12]} Rb1 {[%clk 0:01:03]} 40. Qa3+
{[%clk 0:30:42]} Kg8 {[%clk 0:31:10]} 41. Qa8+ {[%clk 0:29:33]} Bb8
{[%clk 0:29:15]} 0-1

[Event "2015 US Junior Closed Championship"]
[Site "Chess Club and Scholastic Center of Saint Louis"]
[Date "2015.07.13"]
[Round "7.3"]
[White "Han, Curran"]
[Black "Liou, Yian"]
[Result "1/2-1/2"]
[LiveChessVersion "1.4.6"]
[BlackElo "2501"]
[WhiteElo "2211"]

1. d4 {[%clk 1:30:58]} d5 {[%clk 1:30:57]} 2. c4 {[%clk 1:31:24]} c6
{[%clk 1:31:26]} 3. Nf3 {[%clk 1:31:45]} Nf6 {[%clk 1:31:53]} 4. Nc3
{[%clk 1:32:10]} a6 {[%clk 1:32:21]} 5. e3 {[%clk 1:32:30]} g6 {[%clk 1:32:43]}
6. Bd3 {[%clk 1:31:11]} Bg7 {[%clk 1:33:12]} 7. O-O {[%clk 1:31:31]} O-O
{[%clk 1:33:39]} 8. Qb3 {[%clk 1:26:48]} dxc4 {[%clk 1:32:11]} 9. Bxc4
{[%clk 1:27:06]} b5 {[%clk 1:32:39]} 10. Be2 {[%clk 1:27:01]} a5 {[%clk 1:32:56]}
11. Qc2 {[%clk 1:24:56]} b4 {[%clk 1:32:10]} 12. Ne4 {[%clk 1:25:03]} Nxe4
{[%clk 1:32:28]} 13. Qxe4 {[%clk 1:25:28]} Ba6 {[%clk 1:32:56]} 14. Bxa6
{[%clk 1:22:47]} Rxa6 {[%clk 1:33:12]} 15. a3 {[%clk 1:19:27]} Qd6
{[%clk 1:19:51]} 16. Bd2 {[%clk 1:16:32]} Rb6 {[%clk 1:14:04]} 17. axb4
{[%clk 1:05:25]} axb4 {[%clk 1:14:27]} 18. Rfc1 {[%clk 1:01:43]} Nd7
{[%clk 1:14:19]} 19. Ra7 {[%clk 0:53:55]} e5 {[%clk 1:08:51]} 20. b3
{[%clk 0:40:40]} exd4 {[%clk 1:00:06]} 21. exd4 {[%clk 0:39:57]} Nf6
{[%clk 1:00:06]} 22. Qe5 {[%clk 0:38:52]} Qxe5 {[%clk 0:51:35]} 23. Nxe5
{[%clk 0:39:00]} Rc8 {[%clk 0:40:28]} 24. Be3 {[%clk 0:31:47]} Nd5
{[%clk 0:36:08]} 25. Nd7 {[%clk 0:22:23]} Rb5 {[%clk 0:35:49]} 26. Rxc6
{[%clk 0:22:39]} Re8 {[%clk 0:35:42]} 27. Rc1 {[%clk 0:18:32]} h5
{[%clk 0:32:11]} 28. Ne5 {[%clk 0:16:08]} Bxe5 {[%clk 0:31:09]} 29. dxe5
{[%clk 0:16:34]} Nxe3 {[%clk 0:30:26]} 30. fxe3 {[%clk 0:17:01]} Rbxe5
{[%clk 0:30:17]} 31. Rcc7 {[%clk 0:16:51]} Rf5 {[%clk 0:29:30]} 1/2-1/2

[Event "2015 US Junior Closed Championship"]
[Site "Chess Club and Scholastic Center of Saint Louis"]
[Date "2015.07.13"]
[Round "7.4"]
[White "Brattain, Mika"]
[Black "Harmon-Vellotti, Luke"]
[Result "1/2-1/2"]
[LiveChessVersion "1.4.6"]
[BlackElo "2526"]
[WhiteElo "2457"]

1. c4 {[%clk 1:30:59]} e5 {[%clk 1:30:47]} 2. Nc3 {[%clk 1:31:15]} Nc6
{[%clk 1:31:08]} 3. g3 {[%clk 1:31:10]} g6 {[%clk 1:31:27]} 4. Bg2
{[%clk 1:31:28]} Bg7 {[%clk 1:31:53]} 5. e4 {[%clk 1:29:55]} d6 {[%clk 1:32:11]}
6. Nge2 {[%clk 1:30:08]} Nge7 {[%clk 1:32:08]} 7. d3 {[%clk 1:29:32]} O-O
{[%clk 1:31:22]} 8. O-O {[%clk 1:29:28]} Be6 {[%clk 1:31:21]} 9. Nd5
{[%clk 1:26:07]} Qd7 {[%clk 1:19:41]} 10. Be3 {[%clk 1:22:10]} f5
{[%clk 1:17:42]} 11. Qd2 {[%clk 1:17:53]} Rf7 {[%clk 1:14:53]} 12. f3
{[%clk 1:13:39]} Raf8 {[%clk 1:13:18]} 13. Rac1 {[%clk 1:09:45]} Nc8
{[%clk 1:10:34]} 14. b3 {[%clk 1:08:02]} Nd8 {[%clk 1:10:10]} 15. exf5
{[%clk 1:08:31]} Bxf5 {[%clk 0:59:05]} 16. d4 {[%clk 1:08:39]} exd4
{[%clk 0:56:54]} 17. Nxd4 {[%clk 1:01:16]} Bh3 {[%clk 0:54:43]} 18. Rce1
{[%clk 0:56:44]} Bxg2 {[%clk 0:44:00]} 19. Kxg2 {[%clk 0:56:26]} c6
{[%clk 0:41:48]} 20. Nc3 {[%clk 0:52:58]} Ne7 {[%clk 0:38:37]} 21. Bg5
{[%clk 0:42:10]} Bxd4 {[%clk 0:32:49]} 22. Qxd4 {[%clk 0:42:25]} Ne6
{[%clk 0:32:53]} 23. Qe3 {[%clk 0:36:20]} Nxg5 {[%clk 0:32:35]} 24. Qxg5
{[%clk 0:36:46]} d5 {[%clk 0:30:38]} 25. cxd5 {[%clk 0:29:55]} cxd5
{[%clk 0:29:34]} 26. Qd2 {[%clk 0:19:09]} d4 {[%clk 0:26:00]} 27. Re4
{[%clk 0:19:00]} Nf5 {[%clk 0:25:16]} 28. Nd1 {[%clk 0:19:19]} Qb5
{[%clk 0:20:18]} 29. Rf2 {[%clk 0:18:33]} a5 {[%clk 0:15:35]} 30. Qc2
{[%clk 0:18:05]} d3 {[%clk 0:14:10]} 31. Qc4 {[%clk 0:16:28]} Qxc4
{[%clk 0:09:23]} 32. bxc4 {[%clk 0:15:05]} Rc8 33. Nb2 {[%clk 0:13:35]} Rfc7
{[%clk 0:08:35]} 34. Nxd3 {[%clk 0:11:32]} Rxc4 {[%clk 0:06:42]} 35. Rxc4
{[%clk 0:08:35]} Ne3+ {[%clk 0:06:14]} 36. Kh3 {[%clk 0:06:26]} Rxc4
{[%clk 0:05:16]} 37. Re2 {[%clk 0:05:03]} Nd5 {[%clk 0:05:19]} 38. Ne5
{[%clk 0:04:09]} Rd4 {[%clk 0:01:44]} 39. Rc2 {[%clk 0:03:43]} Kg7
{[%clk 0:00:55]} 40. f4 {[%clk 0:32:15]} a4 {[%clk 0:30:56]} 41. Rb2
{[%clk 0:26:51]} b6 {[%clk 0:24:45]} 42. Kg4 {[%clk 0:26:12]} Rb4
{[%clk 0:22:43]} 43. Rd2 {[%clk 0:25:03]} Nf6+ {[%clk 0:20:57]} 44. Kf3
{[%clk 0:25:23]} Rb1 {[%clk 0:15:23]} 45. Rc2 {[%clk 0:24:15]} b5
{[%clk 0:09:46]} 46. Rc7+ {[%clk 0:23:42]} Kg8 {[%clk 0:10:11]} 47. Rc8+
{[%clk 0:23:52]} Kg7 {[%clk 0:10:33]} 1/2-1/2

[Event "2015 US Junior Closed Championship"]
[Site "Chess Club and Scholastic Center of Saint Louis"]
[Date "2015.07.13"]
[Round "7.5"]
[White "Liang, Awonder"]
[Black "Li, Ruifeng"]
[Result "1/2-1/2"]
[LiveChessVersion "1.4.6"]
[BlackElo "2502"]
[WhiteElo "2428"]

1. e4 {[%clk 1:30:58]} c5 {[%clk 1:30:52]} 2. Nf3 {[%clk 1:31:23]} e6
{[%clk 1:31:02]} 3. d4 {[%clk 1:31:40]} cxd4 {[%clk 1:31:28]} 4. Nxd4
{[%clk 1:32:06]} a6 {[%clk 1:31:45]} 5. Be3 {[%clk 1:30:54]} Nf6 {[%clk 1:30:21]}
6. Nc3 {[%clk 1:30:46]} Qc7 {[%clk 1:27:51]} 7. a3 {[%clk 1:20:49]} d6
{[%clk 1:22:02]} 8. Be2 {[%clk 1:16:57]} b5 {[%clk 1:21:11]} 9. f4
{[%clk 1:13:03]} Bb7 {[%clk 1:20:03]} 10. Bf3 {[%clk 1:11:58]} Nbd7
{[%clk 1:19:48]} 11. O-O {[%clk 1:10:06]} Nc5 {[%clk 1:10:59]} 12. e5
{[%clk 1:02:44]} dxe5 {[%clk 1:11:23]} 13. fxe5 {[%clk 1:01:52]} Qxe5
{[%clk 1:10:18]} 14. Bf4 {[%clk 0:46:50]} Bxf3 {[%clk 1:08:36]} 15. Rxf3
{[%clk 0:46:58]} Qh5 {[%clk 1:08:49]} 16. Qf1 {[%clk 0:34:12]} Ncd7
{[%clk 0:58:04]} 17. b4 {[%clk 0:30:34]} g5 {[%clk 0:53:59]} 18. Bg3
{[%clk 0:15:55]} Bg7 {[%clk 0:49:21]} 19. a4 {[%clk 0:15:15]} O-O
{[%clk 0:44:58]} 20. axb5 {[%clk 0:14:45]} axb5 {[%clk 0:40:04]} 21. Rxa8
{[%clk 0:14:36]} Rxa8 {[%clk 0:40:29]} 22. Ndxb5 {[%clk 0:13:26]} Qg4
{[%clk 0:35:15]} 23. Bd6 {[%clk 0:11:26]} Ne4 {[%clk 0:31:16]} 24. h3
{[%clk 0:09:34]} Qh4 {[%clk 0:28:37]} 25. Rxf7 {[%clk 0:03:40]} Nd2
{[%clk 0:25:58]} 26. Rxg7+ {[%clk 0:03:06]} Kxg7 {[%clk 0:26:21]} 27. Qd1
{[%clk 0:03:33]} Nc4 {[%clk 0:25:33]} 28. Nc7 {[%clk 0:02:15]} Nxd6
{[%clk 0:14:09]} 29. Qxd6 {[%clk 0:02:21]} Ra1+ {[%clk 0:14:29]} 30. Kh2
{[%clk 0:02:29]} Qf4+ {[%clk 0:12:59]} 31. Qxf4 {[%clk 0:02:58]} gxf4
{[%clk 0:13:22]} 32. Nxe6+ {[%clk 0:03:23]} Kf7 {[%clk 0:13:41]} 33. Nd4
{[%clk 0:02:06]} Kf6 {[%clk 0:13:09]} 34. g3 {[%clk 0:02:05]} fxg3+
{[%clk 0:10:17]} 35. Kxg3 {[%clk 0:02:35]} Ra3 {[%clk 0:10:10]} 36. Ndb5
{[%clk 0:02:56]} Ra1 {[%clk 0:09:11]} 37. Nd4 {[%clk 0:03:22]} Nb6
{[%clk 0:07:41]} 38. Nb3 {[%clk 0:02:38]} Re1 {[%clk 0:06:09]} 39. Kf2
{[%clk 0:03:04]} Re8 {[%clk 0:05:23]} 40. Nd4 {[%clk 0:31:02]} Rc8
{[%clk 0:34:49]} 41. Nce2 {[%clk 0:22:46]} Ke5 {[%clk 0:32:37]} 42. Nf3+
{[%clk 0:19:10]} Kd5 {[%clk 0:30:24]} 43. c3 {[%clk 0:19:04]} Na4
{[%clk 0:29:20]} 44. Ke3 {[%clk 0:19:14]} Nxc3 {[%clk 0:29:10]} 45. Nf4+
{[%clk 0:18:37]} Kc4 {[%clk 0:25:57]} 46. Ng5 {[%clk 0:17:54]} Rc7
{[%clk 0:26:01]} 47. Kf3 {[%clk 0:16:40]} Nd5 {[%clk 0:24:24]} 48. Nfe6
{[%clk 0:10:52]} Re7 {[%clk 0:24:28]} 49. Nf8 {[%clk 0:11:15]} h6
{[%clk 0:23:37]} 50. Nge6 {[%clk 0:11:37]} Nc7 {[%clk 0:17:00]} 51. Nxc7
{[%clk 0:11:02]} Rxc7 {[%clk 0:14:32]} 52. Kg4 {[%clk 0:11:21]} Kd5
{[%clk 0:14:54]} 53. Kh5 {[%clk 0:07:13]} Rc6 {[%clk 0:11:49]} 54. Ng6
{[%clk 0:06:45]} Ke6 {[%clk 0:12:13]} 55. Nh4 {[%clk 0:06:33]} Rc4
{[%clk 0:11:30]} 56. Ng6 {[%clk 0:06:44]} Rxb4 {[%clk 0:09:49]} 57. Kxh6
{[%clk 0:06:46]} Kf6 {[%clk 0:09:52]} 58. Kh5 {[%clk 0:06:13]} Rb5+
{[%clk 0:10:17]} 59. Kh6 {[%clk 0:06:36]} Rb3 {[%clk 0:10:01]} 60. Nh4
{[%clk 0:06:41]} Rxh3 {[%clk 0:09:02]} 61. Kh5 {[%clk 0:07:11]} Rg3
{[%clk 0:09:14]} 62. Kh6 {[%clk 0:07:40]} Rg5 {[%clk 0:09:08]} 63. Nf3
{[%clk 0:08:09]} Ra5 {[%clk 0:09:09]} 64. Nh4 {[%clk 0:08:37]} Ra8
{[%clk 0:09:17]} 65. Kh5 {[%clk 0:08:59]} Rg8 {[%clk 0:09:39]} 66. Nf3
{[%clk 0:09:24]} Rg7 {[%clk 0:09:09]} 67. Nh4 {[%clk 0:09:31]} Rg5+
{[%clk 0:09:02]} 68. Kh6 {[%clk 0:10:00]} Ra5 {[%clk 0:09:27]} 69. Ng6
{[%clk 0:08:45]} Kf5 {[%clk 0:09:28]} 70. Kh5 {[%clk 0:09:05]} Kf6+
{[%clk 0:09:29]} 71. Kh6 {[%clk 0:09:34]} Ra8 {[%clk 0:09:39]} 72. Kh5
{[%clk 0:09:58]} Rg8 {[%clk 0:09:55]} 73. Nh4 {[%clk 0:10:23]} Rg3
{[%clk 0:09:59]} 74. Kh6 {[%clk 0:10:48]} Ke5 {[%clk 0:10:24]} 75. Kh5
{[%clk 0:11:10]} Kf4 {[%clk 0:10:35]} 76. Ng6+ {[%clk 0:11:33]} Kf3
{[%clk 0:10:58]} 77. Nh4+ {[%clk 0:11:39]} Ke4 {[%clk 0:11:22]} 78. Ng6
{[%clk 0:12:04]} Rg1 {[%clk 0:11:28]} 79. Nh4 {[%clk 0:12:20]} Rg8
{[%clk 0:11:53]} 80. Ng6 {[%clk 0:11:35]} Ra8 {[%clk 0:12:03]} 81. Kg5
{[%clk 0:11:51]} Ra6 {[%clk 0:12:25]} 82. Nh4 {[%clk 0:11:39]} Ra5+
{[%clk 0:12:48]} 83. Kf6 {[%clk 0:11:33]} Rh5 {[%clk 0:12:55]} 84. Ng6
{[%clk 0:12:02]} Rf5+ {[%clk 0:13:19]} 85. Ke6 {[%clk 0:12:26]} Ra5
{[%clk 0:13:46]} 86. Kf6 {[%clk 0:12:47]} Ra6+ 1/2-1/2

[Event "2015 US Junior Closed Championship"]
[Site "Chess Club and Scholastic Center of Saint Louis"]
[Date "2015.07.14"]
[Round "8.1"]
[White "Chandra, Akshat"]
[Black "Shen, Arthur"]
[Result "1-0"]
[LiveChessVersion "1.4.6"]
[BlackElo "2477"]
[WhiteElo "2589"]

1. e4 {[%clk 1:30:55]} e5 {[%clk 1:30:54]} 2. Nf3 {[%clk 1:31:20]} Nc6
{[%clk 1:31:19]} 3. Bb5 {[%clk 1:31:45]} a6 {[%clk 1:31:43]} 4. Ba4
{[%clk 1:32:12]} Nf6 {[%clk 1:32:06]} 5. O-O {[%clk 1:32:35]} Be7
{[%clk 1:32:30]} 6. d3 {[%clk 1:27:24]} b5 {[%clk 1:32:17]} 7. Bb3
{[%clk 1:27:50]} d6 {[%clk 1:32:10]} 8. a3 {[%clk 1:22:50]} O-O {[%clk 1:32:04]}
9. Nc3 {[%clk 1:23:14]} Nb8 {[%clk 1:32:21]} 10. Ne2 {[%clk 1:15:59]} Nbd7
{[%clk 1:18:20]} 11. Ng3 {[%clk 1:12:33]} Bb7 {[%clk 1:17:37]} 12. Re1
{[%clk 1:08:55]} Re8 {[%clk 1:14:11]} 13. c3 {[%clk 0:59:24]} Bf8
{[%clk 1:11:33]} 14. Ng5 {[%clk 0:54:50]} d5 {[%clk 1:09:36]} 15. exd5
{[%clk 0:54:55]} Nc5 {[%clk 0:58:52]} 16. c4 {[%clk 0:46:23]} c6 {[%clk 0:50:30]}
17. dxc6 {[%clk 0:46:09]} Bxc6 {[%clk 0:50:53]} 18. Bc2 {[%clk 0:43:41]} h6
{[%clk 0:47:31]} 19. Nf3 {[%clk 0:41:24]} e4 {[%clk 0:27:06]} 20. cxb5
{[%clk 0:32:09]} exf3 {[%clk 0:27:18]} 21. bxc6 {[%clk 0:32:34]} Rxe1+
{[%clk 0:27:41]} 22. Qxe1 {[%clk 0:33:01]} fxg2 {[%clk 0:25:42]} 23. Be3
{[%clk 0:21:11]} Ng4 {[%clk 0:20:40]} 24. d4 {[%clk 0:15:13]} Qh4
{[%clk 0:15:34]} 25. Kxg2 {[%clk 0:15:26]} Ne6 {[%clk 0:15:57]} 26. Bf5
{[%clk 0:08:47]} Re8 {[%clk 0:12:32]} 27. Bxg4 {[%clk 0:06:28]} Qxg4
{[%clk 0:12:59]} 28. Qd1 {[%clk 0:06:32]} Nf4+ {[%clk 0:11:48]} 29. Kh1
{[%clk 0:06:00]} Qh4 {[%clk 0:11:21]} 30. Qf3 {[%clk 0:05:42]} Nd3
{[%clk 0:09:59]} 31. Nf5 {[%clk 0:04:53]} Qd8 {[%clk 0:09:56]} 32. Rg1
{[%clk 0:02:34]} Kh7 {[%clk 0:09:27]} 33. Nxh6 {[%clk 0:02:25]} Rxe3
{[%clk 0:08:35]} 34. fxe3 {[%clk 0:02:25]} 1-0